Women and Human Development (Record no. 12947)
[ view plain ]
| 000 -LEADER | |
|---|---|
| fixed length control field | 00512nam a2200205Ia 4500 |
| 003 - CONTROL NUMBER IDENTIFIER | |
| control field | 0100 |
| 008 - FIXED-LENGTH DATA ELEMENTS--GENERAL INFORMATION | |
| fixed length control field | 130303s9999 xx 000 0 und d |
| 020 ## - INTERNATIONAL STANDARD BOOK NUMBER | |
| International Standard Book Number | 521660866 |
| 040 ## - CATALOGING SOURCE | |
| Transcribing agency | ARRUPELIB |
| 050 ## - LIBRARY OF CONGRESS CALL NUMBER | |
| Classification number | HQ1240.N872000 |
| 100 ## - MAIN ENTRY--PERSONAL NAME | |
| Personal name | Martha C. Nussbaum |
| 245 ## - TITLE STATEMENT | |
| Title | Women and Human Development |
| 245 ## - TITLE STATEMENT | |
| Remainder of title | The capabilities approach |
| 260 ## - PUBLICATION, DISTRIBUTION, ETC. (IMPRINT) | |
| Name of publisher, distributor, etc | University press |
| 260 ## - PUBLICATION, DISTRIBUTION, ETC. (IMPRINT) | |
| -- | 2000 |
| 300 ## - PHYSICAL DESCRIPTION | |
| Extent | 312p.24cm |
| 650 ## - SUBJECT ADDED ENTRY--TOPICAL TERM | |
| Topical term following geographic name as entry element | Social movements Peace movements |
| 700 ## - ADDED ENTRY--PERSONAL NAME | |
| Personal name | Martha C. Nussbaum |
| 942 00 - ADDED ENTRY ELEMENTS (KOHA) | |
| Koha issues (borrowed), all copies | 11 |
| Withdrawn status | Lost status | Source of classification or shelving scheme | Damaged status | Not for loan | Collection code | Home library | Current library | Shelving location | Date acquired | Total Checkouts | Full call number | Barcode | Date last seen | Date checked out | Copy number | Price effective from | Koha item type |
|---|---|---|---|---|---|---|---|---|---|---|---|---|---|---|---|---|---|
| Library of Congress Classification | Main Collection | ARRUPE LIBRARY | ARRUPE LIBRARY | 04/03/2013 | 20 | HQ1240.N872000 | 46003049319 | 23/05/2024 | 17/11/2023 | 1 | 04/03/2013 | Monograph ( Printed materials) |